00386 a2200109 4500001001000000005001700010008004100027245009800068100002500166773006800191999001700259ART_4175520260410161806.0260409a 10aReflexiones críticas a algunos aspectos de la ley 26831 de reforma del mercado de capitales1 aCamerini, Marcelo A.0 tDoctrina Societaria y Concursalg- Nº 304 (mar. 2013)wREV4298 c20994d20994